[Event "SR 3. liga A2 2005/2006"]
[Site "?"]
[Date "2006.??.??"]
[Round "?"]
[White "Janko, Ladislav"]
[Black "Furjel, Andrej"]
[Result "1-0"]
[WhiteElo "2190"]
[BlackElo "2015"]
[Annotator " 65.1"]
[PlyCount "69"]
[EventDate "2005.??.??"]

1. e4 d5 2. Nc3 Nf6 3. e5 d4 4. exf6 dxc3 5. fxg7 cxd2+ 6. Bxd2 Bxg7 7. Qh5 Qd6
8. Nf3 Qg6 9. Qc5 Qb6 10. Qxb6 axb6 11. c3 Nc6 12. Bb5 Bg4 13. Ng5 h6 14. Ne4
O-O-O 15. Be3 e5 16. Bc4 Rhf8 17. Ng3 Na5 18. Bf1 h5 19. f3 h4 20. fxg4 hxg3
21. h4 f6 22. Rd1 Rxd1+ 23. Kxd1 Rh8 24. Bd3 Kd8 25. Ke2 Ke7 26. Kf3 Nc6 27.
Kxg3 Nd8 28. Be4 c6 29. Bxb6 Bh6 30. g5 Rg8 31. g6 Ne6 32. Kf3 Nf4 33. Be3 Rf8
34. Bf5 Bg7 35. Bc5+ 1-0

[Event "SR 3. liga A2 2005/2006"]
[Site "?"]
[Date "2006.??.??"]
[Round "?"]
[White "Manak, Jozef"]
[Black "Sulek, Viliam"]
[Result "0-1"]
[WhiteElo "2090"]
[BlackElo "2165"]
[Annotator " 65.2"]
[PlyCount "86"]
[EventDate "2005.??.??"]

1. e4 c5 2. Nf3 Nc6 3. Bb5 e6 4. O-O Nge7 5. Re1 a6 6. Bf1 g6 7. d4 cxd4 8.
Nxd4 Bg7 9. c3 O-O 10. g3 d5 11. Nxc6 bxc6 12. Bg2 Rb8 13. Qe2 Qb6 14. b3 c5
15. Bb2 a5 16. Rd1 Ba6 17. Qc2 c4 18. Ba3 Rfe8 19. Bxe7 Rxe7 20. exd5 exd5 21.
Bxd5 cxb3 22. Qxb3 Qa7 23. Qa4 Re2 24. Qf4 Be5 25. Qf3 Rbb2 26. Rf1 Rec2 27. c4
Rb8 28. Na3 Rc3 29. Qe4 Bxg3 30. Nb5 Bxb5 31. cxb5 Bd6 32. Rac1 Rh3 33. b6 Qxb6
34. Rb1 Qc7 35. Rxb8+ Qxb8 36. Rb1 Qc7 37. Bc4 Bb4 38. f4 Qd7 39. Kh1 Rc3 40.
Rf1 Rh3 41. f5 Bd6 42. fxg6 Rxh2+ 43. Kg1 Qa7+ 0-1

[Event "SR 3. liga A2 2005/2006"]
[Site "?"]
[Date "2006.??.??"]
[Round "?"]
[White "Puobis, Jozef"]
[Black "Pobjecky, Ivan"]
[Result "1/2-1/2"]
[WhiteElo "2040"]
[BlackElo "2025"]
[Annotator " 65.3"]
[PlyCount "53"]
[EventDate "2005.??.??"]

1. e4 c5 2. b3 Nc6 3. Nf3 d6 4. Nc3 g6 5. Bb2 Bg7 6. Bb5 Bd7 7. Qe2 a6 8. Bxc6
Bxc6 9. e5 dxe5 10. Nxe5 Bxg2 11. Rg1 Bh3 12. Rg3 Be6 13. Ne4 Nh6 14. Nxf7 Nxf7
15. Bxg7 Rg8 16. Nxc5 Bf5 17. Bc3 Qd5 18. Nd3 Qh1+ 19. Qf1 Qxh2 20. O-O-O O-O-O
21. Nb4 Qh4 22. Nxa6 bxa6 23. Qxa6+ Kb8 24. Qb6+ Ka8 25. Qa6+ Kb8 26. Qb5+ Ka8
27. Qa6+ $11 1/2-1/2

[Event "SR 3. liga A2 2005/2006"]
[Site "?"]
[Date "2006.??.??"]
[Round "?"]
[White "Mihalik, Anton"]
[Black "Kosar, Mikulas ml"]
[Result "1-0"]
[WhiteElo "2035"]
[BlackElo "1965"]
[Annotator " 65.4"]
[PlyCount "107"]
[EventDate "2005.??.??"]

1. c4 Nf6 2. Nc3 d5 3. cxd5 Nxd5 4. d4 Nxc3 5. bxc3 e6 6. Nf3 Nc6 7. e4 Ne7 8.
Be2 b6 9. Ne5 Bb7 10. Qa4+ c6 11. Ba6 Bxa6 12. Qxa6 f6 13. Nf3 Qc7 14. O-O Ng6
15. Qc4 Qd7 16. Re1 Be7 17. e5 f5 18. Bg5 h6 19. Bxe7 Kxe7 20. Rad1 Kf7 21. Qb3
b5 22. Rc1 Nf4 23. c4 a6 24. g3 Ng6 25. Re2 Rhc8 26. Rec2 Ne7 27. a4 g5 28.
cxb5 cxb5 29. axb5 axb5 30. Rxc8 Rxc8 31. Rxc8 Nxc8 32. Qc3 Nb6 33. Nd2 Na4 34.
Qe3 Qc6 35. Nb3 Nc3 36. Nc5 b4 37. h4 Kg6 38. Qd3 Qb5 39. Qc2 Ne2+ 40. Kh2 Nxd4
41. h5+ Kxh5 42. Qd1+ Ne2 43. Nd3 Qb6 44. Qxe2+ Kg6 45. Qb2 b3 46. Nc1 h5 47.
Nxb3 Qb4 48. Qc2 h4 49. Nc1 Qe1 50. Nd3 Qf1 51. gxh4 gxh4 52. Nf4+ Kg5 53.
Nxe6+ Kg4 54. Qa4+ 1-0

[Event "SR 3. liga A2 2005/2006"]
[Site "?"]
[Date "2006.??.??"]
[Round "?"]
[White "Kubica, Adrian"]
[Black "Stepanovic, Branislav"]
[Result "0-1"]
[WhiteElo "1945"]
[BlackElo "2040"]
[Annotator " 65.5"]
[PlyCount "72"]
[EventDate "2005.??.??"]

1. e4 c5 2. Nf3 Nc6 3. d4 cxd4 4. Nxd4 Nf6 5. Nc3 e5 6. Nde2 h6 7. g3 Bc5 8.
Bg2 d6 9. O-O O-O 10. Na4 Bb4 11. Bd2 Qa5 12. Bxb4 Qxb4 13. c3 Qa5 14. c4 Bg4
15. b3 Bxe2 16. Qxe2 Nd4 17. Qd3 a6 18. Nb2 Qa3 19. Qd2 b5 20. h3 Rfd8 21. Kh1
Nd7 22. Rfc1 Nb6 23. cxb5 axb5 24. Nd3 Rdc8 25. Rc3 Rxc3 26. Qxc3 Nxb3 27. Rb1
Nd4 28. Qxa3 Rxa3 29. Nb4 Nc4 30. Bf1 Nd2 31. Rd1 Nxe4 32. Kg2 Ra4 33. Rb1 Nd2
34. Rb2 Nxf1 35. Kxf1 Kf8 36. Ke1 Rxb4 0-1

[Event "SR 3. liga A2 2005/2006"]
[Site "?"]
[Date "2006.??.??"]
[Round "?"]
[White "Curidlo, Jan"]
[Black "Bott, Tamas"]
[Result "1-0"]
[WhiteElo "2070"]
[BlackElo "1930"]
[Annotator " 65.6"]
[PlyCount "57"]
[EventDate "2005.??.??"]

1. e4 e5 2. Nf3 Nc6 3. Bb5 Bc5 4. c3 a6 5. Ba4 b5 6. Bc2 Bb7 7. O-O Nf6 8. d4
exd4 9. cxd4 Be7 10. a3 d5 11. e5 Nd7 12. Re1 O-O 13. Bf4 Re8 14. h3 Nf8 15.
Nc3 Ne6 16. Be3 Na5 17. b3 Ng5 18. Nxg5 Bxg5 19. Qh5 h6 20. f4 Be7 21. Rf1 b4
22. axb4 Bxb4 23. Ne2 Bc6 24. Rf3 Bb5 25. Rg3 Bxe2 26. Qxe2 Bc3 27. Rf1 Nc6 28.
Qd3 Qh4 29. Rg4 1-0

[Event "SR 3. liga A2 2005/2006"]
[Site "?"]
[Date "2006.??.??"]
[Round "?"]
[White "Kosar, Mikulas"]
[Black "Slaby, Jozef"]
[Result "0-1"]
[WhiteElo "2010"]
[BlackElo "1750"]
[Annotator " 65.7"]
[PlyCount "62"]
[EventDate "2005.??.??"]

1. e4 e6 2. d4 d5 3. e5 c5 4. c3 Nc6 5. Nf3 Nge7 6. Bd3 cxd4 7. cxd4 Ng6 8. O-O
Be7 9. Bxg6 hxg6 10. Be3 Bd7 11. a3 Na5 12. Nbd2 Bb5 13. Re1 Rc8 14. Rc1 O-O
15. Rxc8 Qxc8 16. Qc1 Qd7 17. Qb1 Rc8 18. Rc1 Bc4 19. Nxc4 dxc4 20. Qc2 Nb3 21.
Rd1 b5 22. Nd2 Nxd4 23. Bxd4 Qxd4 24. Nf3 Qc5 25. Qc3 b4 26. axb4 Qxb4 27. Qc2
a5 28. Kf1 a4 29. Nd2 c3 30. Nb1 Qxb2 31. Qxb2 cxb2 0-1

[Event "SR 3. liga A2 2005/2006"]
[Site "?"]
[Date "2006.??.??"]
[Round "?"]
[White "Gubis, Vladimir"]
[Black "Fekete, Stefan"]
[Result "0-1"]
[WhiteElo "1810"]
[BlackElo "1735"]
[Annotator " 65.8"]
[PlyCount "54"]
[EventDate "2005.??.??"]

1. d4 Nf6 2. Nf3 g6 3. c4 d6 4. Nc3 Bg7 5. e4 Bg4 6. Be2 Nc6 7. d5 Bxf3 8. Bxf3
Ne5 9. Be2 c6 10. f4 Ned7 11. Be3 Qa5 12. O-O Nc5 13. Bf3 Nfd7 14. Bd4 Bxd4+
15. Qxd4 f6 16. Rab1 Na4 17. Nxa4 Qxa4 18. Qc3 cxd5 19. exd5 Rc8 20. b3 Qa3 21.
Qd2 Qc5+ 22. Kh1 b5 23. Rbc1 O-O 24. Rfe1 Rfe8 25. cxb5 Qxb5 26. Rxc8 Rxc8 27.
Rxe7 Qf1# 0-1

[Event "SR 3. liga A2 2005/2006"]
[Site "?"]
[Date "2006.??.??"]
[Round "?"]
[White "Schmikli, Laszlo"]
[Black "Jurica, Peter"]
[Result "1-0"]
[WhiteElo "2285"]
[BlackElo "2195"]
[Annotator " 66.1"]
[PlyCount "65"]
[EventDate "2005.??.??"]

1. e4 Nf6 2. e5 Nd5 3. d4 d6 4. c4 Nb6 5. f4 dxe5 6. fxe5 Nc6 7. Be3 Bf5 8. Nc3
e6 9. Nf3 Bb4 10. a3 Bxc3+ 11. bxc3 Na5 12. c5 Nd5 13. Bd2 Nc6 14. Bb5 O-O 15.
O-O h6 16. Qe2 Nde7 17. h3 Qd5 18. Bc4 Qd7 19. g4 Bg6 20. h4 h5 21. Ng5 hxg4
22. Rae1 Bf5 23. Rf4 Rae8 24. Rxg4 Bxg4 25. Qxg4 Nf5 26. Ne4 f6 27. Qxf5 fxe5
28. Qg6 Qf7 29. Qxf7+ Rxf7 30. d5 Nd8 31. Ng5 Rf5 32. dxe6 Re7 33. Bd3 1-0

[Event "SR 3. liga A2 2005/2006"]
[Site "?"]
[Date "2006.??.??"]
[Round "?"]
[White "Blazek, Milos"]
[Black "Ress, Tamas"]
[Result "1/2-1/2"]
[WhiteElo "2130"]
[BlackElo "2120"]
[Annotator " 66.2"]
[PlyCount "48"]
[EventDate "2005.??.??"]

1. e4 c5 2. Nf3 a6 3. d4 cxd4 4. Nxd4 Nf6 5. Nc3 e5 6. Nb3 Bb4 7. Bd3 d5 8.
exd5 Nxd5 9. Bd2 Nxc3 10. bxc3 Ba3 11. O-O O-O 12. f4 Nc6 13. fxe5 Nxe5 14.
Bxh7+ Kxh7 15. Qh5+ Kg8 16. Qxe5 Qb6+ 17. Kh1 Qg6 18. Nd4 Bg4 19. Rae1 Rac8 20.
Qg3 Rfe8 21. h3 Bd7 22. Qxg6 fxg6 23. Rxe8+ Bxe8 24. Rb1 b5 1/2-1/2

[Event "SR 3. liga A2 2005/2006"]
[Site "?"]
[Date "2006.??.??"]
[Round "?"]
[White "Ivan, Imrich ml"]
[Black "Blatnicky, Miroslav"]
[Result "0-1"]
[WhiteElo "2015"]
[BlackElo "2110"]
[Annotator " 66.3"]
[PlyCount "76"]
[EventDate "2005.??.??"]

1. c4 c5 2. Nc3 e6 3. g3 Nf6 4. Bg2 Nc6 5. e3 d5 6. b3 dxc4 7. bxc4 Nb4 8. d4
cxd4 9. exd4 Nc6 10. Nge2 Bb4 11. Bb2 Bd7 12. O-O Na5 13. Qd3 Rc8 14. c5 Bc6
15. Nb5 Bxc5 16. Rfd1 Bb6 17. Ba3 Bxb5 18. Qxb5+ Qd7 19. Qg5 Rg8 20. d5 h6 21.
Qh4 Rc4 22. Nf4 Bxf2+ 23. Kh1 e5 24. Re1 Bd4 25. Rab1 Qg4 26. Nd3 Qxh4 27. gxh4
Ng4 28. h3 Ne3 29. Nxe5 Rc2 30. Rxe3 Bxe3 31. Re1 Bf2 32. Re4 f5 33. Ra4 Re2
34. Nc6 Re1+ 35. Kh2 Bg1+ 36. Kg3 bxc6 37. Rxa5 g5 38. Bc5 gxh4+ 0-1

[Event "SR 3. liga A2 2005/2006"]
[Site "?"]
[Date "2006.??.??"]
[Round "?"]
[White "Smrek, Peter"]
[Black "Csefalvay, Stefan"]
[Result "1-0"]
[WhiteElo "1965"]
[BlackElo "1925"]
[Annotator " 66.4"]
[PlyCount "129"]
[EventDate "2005.??.??"]

1. e4 c5 2. Nf3 d6 3. d4 cxd4 4. Nxd4 Nf6 5. Nc3 a6 6. a4 g6 7. Bc4 Bg7 8. Nf3
O-O 9. h3 Nc6 10. Be3 Qa5 11. Qd2 Qb4 12. Bd3 Bd7 13. Ra3 Be6 14. Qc1 Qa5 15.
g4 Nd7 16. Bh6 d5 17. Bxg7 Kxg7 18. Qd2 Nde5 19. Nxe5 Nxe5 20. Ke2 d4 21. Nb1
Qc7 22. f4 Nc4 23. Bxc4 Bxc4+ 24. Kf2 e5 25. f5 f6 26. Rg3 g5 27. h4 h6 28.
Rgh3 Rh8 29. Na3 Qc5 30. Nxc4 Qxc4 31. Rb3 Rab8 32. Rb4 Qc5 33. Ke2 Rhc8 34.
hxg5 hxg5 35. Kd1 Rh8 36. Rxh8 Kxh8 37. Rb3 Kg7 38. Qh2 Qf8 39. Qh5 Qf7 40.
Qxf7+ Kxf7 41. Rb6 a5 42. b4 axb4 43. Rxb4 b6 44. Kd2 Ke7 45. c3 dxc3+ 46. Kxc3
Kd6 47. Kc4 Kc6 48. Rb3 Rh8 49. Kb4 Rh4 50. Rc3+ Kb7 51. Kb5 Rh1 52. Rd3 Rb1+
53. Kc4 Re1 54. Kd5 Ra1 55. Ke6 Rxa4 56. Re3 b5 57. Kxf6 b4 58. Rb3 Kc6 59.
Kxe5 Kc5 60. f6 Kc4 61. Rb1 Ra5+ 62. Ke6 b3 63. f7 Ra6+ 64. Ke7 Ra7+ 65. Kf6
1-0

[Event "SR 3. liga A2 2005/2006"]
[Site "?"]
[Date "2006.??.??"]
[Round "?"]
[White "Vizvari, Ludovit"]
[Black "Lanyi, Frantisek"]
[Result "1-0"]
[WhiteElo "1840"]
[BlackElo "1625"]
[Annotator " 66.5"]
[PlyCount "117"]
[EventDate "2005.??.??"]

1. d4 d5 2. c4 e6 3. Nc3 Nf6 4. Nf3 Be7 5. Bf4 dxc4 6. e3 Nd5 7. Bxc4 Nxf4 8.
exf4 O-O 9. Qd2 c6 10. a3 Nd7 11. Rd1 Nb6 12. Ba2 Nd5 13. Bb1 Qc7 14. Ne5 Bd7
15. O-O Bd6 16. Ne4 Be7 17. Qc2 g6 18. g3 Nf6 19. f3 Nd5 20. Rfe1 Rac8 21. Ng5
Bxg5 22. fxg5 Qd6 23. Kg2 Qe7 24. h4 f6 25. Nxd7 Qxd7 26. h5 gxh5 27. Rxe6 Qg7
28. Rde1 fxg5 29. Ba2 h4 30. Re7 Qg6 31. Qxg6+ hxg6 32. Rxb7 Kh8 33. Rxa7 Rc7
34. Rxc7 Nxc7 35. gxh4 gxh4 36. Bc4 Rf4 37. Re4 Rxe4 38. fxe4 Kg7 39. d5 cxd5
40. exd5 Kf6 41. d6 Na8 42. a4 Nb6 43. Bb5 Ke6 44. a5 Nd5 45. d7 Ke7 46. Bc6
Nb4 47. Bb5 Kd8 48. a6 Nd5 49. a7 Nb6 50. Kf3 g5 51. Kg4 Kc7 52. Bc6 h3 53.
Kxh3 Kd8 54. Kg4 Ke7 55. Kxg5 Kd8 56. Kf6 Kc7 57. Ke6 Nxd7 58. a8=Q Nb6 59.
Qb7+ 1-0

[Event "SR 3. liga A2 2005/2006"]
[Site "?"]
[Date "2006.??.??"]
[Round "?"]
[White "Lajda, Dusan"]
[Black "Ivan, Imrich"]
[Result "0-1"]
[WhiteElo "1715"]
[BlackElo "1800"]
[Annotator " 66.6"]
[PlyCount "102"]
[EventDate "2005.??.??"]

1. e4 e6 2. d4 d5 3. Nc3 dxe4 4. Nxe4 Nd7 5. Bd3 Ngf6 6. Nf3 Nxe4 7. Bxe4 Nf6
8. Bd3 h6 9. O-O Bd6 10. c3 b6 11. h3 O-O 12. Re1 Bb7 13. Bc2 Bxf3 14. Qxf3 c5
15. Be3 Rc8 16. Rad1 Qe7 17. Bf4 Bxf4 18. Qxf4 Rfd8 19. dxc5 Qxc5 20. Rxd8+
Rxd8 21. Rd1 Rxd1+ 22. Bxd1 Nd7 23. Bc2 Qe5 24. Qd2 Qc7 25. Qd3 Nf6 26. g4 Kf8
27. Qf3 Ke7 28. Bb3 Qd7 29. Qd1 Qxd1+ 30. Bxd1 g5 31. Kg2 Nd5 32. Kg3 f5 33.
Bc2 Kf6 34. c4 Nf4 35. b4 h5 36. gxf5 exf5 37. a4 h4+ 38. Kh2 Ne6 39. Kg2 Ke5
40. a5 Nf4+ 41. Kh2 bxa5 42. bxa5 Ne6 43. Kg2 Nd4 44. Bd3 Nb3 45. Kf3 Nxa5 46.
Ke3 Nb3 47. Bc2 Nc5 48. Kd2 a5 49. f3 g4 50. fxg4 fxg4 51. Ke3 g3 0-1

[Event "SR 3. liga A2 2005/2006"]
[Site "?"]
[Date "2006.??.??"]
[Round "?"]
[White "Vegh, Vince"]
[Black "Podjavorinsky, Peter"]
[Result "1/2-1/2"]
[WhiteElo "1710"]
[BlackElo "1700"]
[Annotator " 66.7"]
[PlyCount "126"]
[EventDate "2005.??.??"]

1. e4 e5 2. Nf3 Nf6 3. Nc3 Nc6 4. d4 exd4 5. Nxd4 Nxd4 6. Qxd4 d6 7. Bc4 Be7 8.
O-O O-O 9. b3 Ng4 10. Nd5 Bf6 11. Nxf6+ Qxf6 12. Bb2 Qxd4 13. Bxd4 Ne5 14. Be2
Bd7 15. Rad1 Bc6 16. f3 a6 17. Rd2 f5 18. f4 Ng6 19. e5 dxe5 20. Bc4+ Kh8 21.
fxe5 b5 22. Bd3 Rae8 23. Re2 Bd7 24. Bb2 c5 25. c4 f4 26. Bxg6 hxg6 27. Ref2 g5
28. h4 gxh4 29. Rxf4 Rxf4 30. Rxf4 Be6 31. Rxh4+ Kg8 32. cxb5 axb5 33. Kf2 c4
34. bxc4 bxc4 35. Rd4 Rb8 36. Bc3 Ra8 37. Rd2 Kf7 38. Ke3 g5 39. Rf2+ Ke7 40.
Bb4+ Kd7 41. Rd2+ Ke8 42. Rd6 Kf7 43. a3 Rc8 44. Kd4 Ra8 45. Rb6 Rd8+ 46. Bd6
Rc8 47. Kc3 Kg6 48. Bb4 Kf5 49. Bd6 Bd5 50. g3 Kg4 51. a4 Ra8 52. Kd4 Be6 53.
Be7 Bf5 54. Rb4 Be6 55. Kc5 Rc8+ 56. Kd6 Bg8 57. e6 Kxg3 58. Kd7 Ra8 59. Bd6+
Kf3 60. Rxc4 Bh7 61. e7 Bg6 62. Rb4 Be8+ 63. Ke6 Rxa4 1/2-1/2

[Event "SR 3. liga A2 2006/2007"]
[Site "?"]
[Date "2006.10.08"]
[Round "1"]
[White "Provaznik, Michal"]
[Black "Janko, Ladislav"]
[Result "0-1"]
[WhiteElo "2176"]
[BlackElo "2180"]
[Annotator "Holíc - Gabcíkovo  /1/"]
[PlyCount "54"]
[EventDate "2006.??.??"]

1. Nf3 g6 2. d4 Bg7 3. e4 c6 4. Bd3 d5 5. e5 Bg4 6. Nbd2 c5 7. c3 Nc6 8. h3
Bxf3 9. Nxf3 e6 10. O-O cxd4 11. cxd4 Nge7 12. Be3 Qb6 13. Qd2 O-O 14. Nh2 Rac8
15. Ng4 Qb4 16. Qd1 Nf5 17. Bxf5 exf5 18. Nf6+ Bxf6 19. exf6 Rfe8 20. Qf3 Re4
21. Rac1 Rce8 22. Qg3 f4 23. Qg5 fxe3 24. Rc5 exf2+ 25. Kh2 Nxd4 26. Rxd5 Ne6
27. Qh6 Qxb2 0-1

[Event "SR 3. liga A2 2006/2007"]
[Site "?"]
[Date "2006.10.08"]
[Round "1"]
[White "Sulek, Viliam"]
[Black "Horak, Ivan"]
[Result "1/2-1/2"]
[WhiteElo "2202"]
[BlackElo "2127"]
[Annotator "Holíc - Gabcíkovo  /2/"]
[PlyCount "83"]
[EventDate "2006.??.??"]

1. e4 c5 2. Nf3 d6 3. d4 cxd4 4. Nxd4 Nf6 5. Nc3 a6 6. g3 e5 7. Nde2 Be7 8. Bg2
b6 9. O-O Bb7 10. h3 Nbd7 11. Be3 Rc8 12. g4 Nc5 13. Ng3 g6 14. Bh6 Ne6 15. Nd5
Nxd5 16. exd5 Nf4 17. Bxf4 exf4 18. Ne2 Bf6 19. c3 h5 20. Nxf4 hxg4 21. Re1+
Kf8 22. Qxg4 Kg7 23. Re3 Rh4 24. Qf3 Rc4 25. Nd3 Bg5 26. Re2 Bc8 27. Rae1 Bf5
28. Qg3 Rh8 29. Nb4 Bf4 30. Qf3 Qg5 31. Kf1 Bh2 32. Re7 Rf4 33. Qe3 Qf6 34. Re2
Rfh4 35. Nc6 Bf4 36. Qxb6 Bxh3 37. Bxh3 Rxh3 38. Rxf7+ Qxf7 39. Re7 Rh1+ 40.
Kg2 R1h2+ 41. Kf3 R2h3+ 42. Kg2 1/2-1/2

[Event "SR 3. liga A2 2006/2007"]
[Site "?"]
[Date "2006.10.08"]
[Round "1"]
[White "Kubis, Ivan"]
[Black "Janko, Michal"]
[Result "0-1"]
[WhiteElo "2038"]
[BlackElo "2083"]
[Annotator "Holíc - Gabcíkovo  /3/"]
[PlyCount "66"]
[EventDate "2006.??.??"]

1. e4 c5 2. Nf3 Nc6 3. d4 cxd4 4. Nxd4 e5 5. Nb5 d6 6. N1c3 a6 7. Na3 b5 8. Nd5
Nce7 9. c4 Nxd5 10. cxd5 f5 11. Bd3 fxe4 12. Bxe4 Qh4 13. Qc2 Bd7 14. Bg6+ Ke7
15. Bd3 Rc8 16. Qe2 g6 17. O-O Bg7 18. f4 Nh6 19. fxe5 Bxe5 20. Bf4 Nf7 21.
Rae1 Rhe8 22. Nc2 Bg4 23. Qe3 Kf8 24. Qa7 Rxc2 25. Bxc2 Bd4+ 26. Qxd4 Rxe1 27.
Qf2 Qxf2+ 28. Kxf2 Re2+ 29. Kg3 Rxc2 30. Kxg4 Rxg2+ 31. Kh3 Rxb2 32. Bxd6+ Kg7
33. Bc5 Rd2 0-1

[Event "SR 3. liga A2 2006/2007"]
[Site "?"]
[Date "2006.10.08"]
[Round "1"]
[White "Puobis, Jozef"]
[Black "Kovarik, Oto"]
[Result "0-1"]
[WhiteElo "2043"]
[BlackElo "2050"]
[Annotator "Holíc - Gabcíkovo  /4/"]
[PlyCount "84"]
[EventDate "2006.??.??"]

1. e4 c5 2. d4 cxd4 3. Qxd4 Nc6 4. Qd3 d6 5. Nf3 Nf6 6. Nc3 h6 7. Be2 e6 8. O-O
Be7 9. Be3 O-O 10. Rad1 a6 11. Qc4 Bd7 12. a4 Rc8 13. Qb3 Na5 14. Qa2 Rxc3 15.
bxc3 Nxe4 16. Qa1 Qc7 17. Bd3 Nxc3 18. Bd4 Rc8 19. Bxc3 Qxc3 20. Qxc3 Rxc3 21.
Nd2 d5 22. Ra1 e5 23. Ra2 e4 24. Nb1 Rc7 25. Be2 Bf6 26. Rd1 Be6 27. Rd2 d4 28.
Ra3 Bc4 29. Kf1 Be5 30. g3 f5 31. Ke1 Bd6 32. Ra1 Bb4 33. c3 dxc3 34. Bxc4+
Rxc4 35. Rc2 Nb3 36. Raa2 Nd4 37. Kd1 Nxc2 38. Kxc2 Bc5 39. Nxc3 b5 40. axb5
axb5 41. Kb3 Rb4+ 42. Ka3 Rb1# 0-1

[Event "SR 3. liga A2 2006/2007"]
[Site "?"]
[Date "2006.10.08"]
[Round "1"]
[White "Sefcik, Marek"]
[Black "Kantor, Reka"]
[Result "0-1"]
[WhiteElo "1974"]
[BlackElo "1786"]
[Annotator "Holíc - Gabcíkovo  /5/"]
[PlyCount "104"]
[EventDate "2006.??.??"]

1. Nc3 g6 2. f4 Bg7 3. Nf3 c5 4. g3 b6 5. Bg2 Bb7 6. d3 d5 7. O-O Nf6 8. e3 O-O
9. Ne5 Nbd7 10. d4 e6 11. Bd2 Rc8 12. Be1 a6 13. g4 b5 14. Bh4 Qc7 15. Bxf6
Nxf6 16. Ne2 Ne8 17. c3 cxd4 18. exd4 Nd6 19. Nd3 Nc4 20. Qc1 a5 21. b4 axb4
22. cxb4 Ra8 23. a3 Qb6 24. Nc5 Rfc8 25. Qc3 Bc6 26. Rfd1 Rc7 27. Rd3 Rca7 28.
Qc1 Qd8 29. Rh3 Qf6 30. Ra2 Qe7 31. Rd3 Bf8 32. Rc3 Qc7 33. Rd3 Bxc5 34. dxc5
Ra4 35. f5 Rxb4 36. Qe1 Rba4 37. Qh4 Qe5 38. Nd4 Be8 39. Re2 Qg7 40. fxe6 Ne5
41. exf7+ Bxf7 42. Rdd2 Rxd4 43. Rxd4 Nf3+ 44. Bxf3 Qxd4+ 45. Kg2 Qxc5 46. Qf6
Qxa3 47. Re7 Rf8 48. Rxf7 Qa2+ 49. Kg3 Rxf7 50. Qd8+ Kg7 51. Bxd5 Qf2+ 52. Kh3
Qe3+ 0-1

[Event "SR 3. liga A2 2006/2007"]
[Site "?"]
[Date "2006.10.08"]
[Round "1"]
[White "Liska, Frantisek"]
[Black "Bilovsky, Milan"]
[Result "1/2-1/2"]
[WhiteElo "1965"]
[BlackElo "1880"]
[Annotator "Holíc - Gabcíkovo  /6/"]
[PlyCount "63"]
[EventDate "2006.??.??"]

1. d4 d5 2. Nf3 Bf5 3. Bf4 e6 4. e3 Nf6 5. Bd3 Bg6 6. Bxg6 hxg6 7. h3 c5 8. c3
Nc6 9. Nbd2 Rc8 10. Bg5 Be7 11. Qb3 b6 12. Qb5 Qd7 13. Qd3 cxd4 14. exd4 Bd6
15. Qe2 Qc7 16. Rd1 Bf4 17. Bxf4 Qxf4 18. Qb5 Ne4 19. Nxe4 Qxe4+ 20. Qe2 Qxe2+
21. Kxe2 f6 22. Rhe1 Kf7 23. Kf1 Na5 24. Nd2 Nc4 25. Nxc4 Rxc4 26. Re3 b5 27.
a3 a5 28. Rdd3 Re8 29. b3 Rc6 30. Ke2 Ke7 31. Kd2 Kd6 32. f4 1/2-1/2

[Event "SR 3. liga A2 2006/2007"]
[Site "?"]
[Date "2006.10.08"]
[Round "1"]
[White "Harasta, Juraj"]
[Black "Kosar, Mikulas ml"]
[Result "0-1"]
[WhiteElo "1723"]
[BlackElo "1951"]
[Annotator "Holíc - Gabcíkovo  /7/"]
[PlyCount "78"]
[EventDate "2006.??.??"]

1. e4 e5 2. f4 exf4 3. Nf3 d6 4. Bc4 Be7 5. d4 Nf6 6. Nc3 Nc6 7. Bxf4 Bg4 8.
O-O O-O 9. Qd2 Nxe4 10. Nxe4 d5 11. Bxd5 Qxd5 12. Nc3 Qd8 13. d5 Bxf3 14. Rxf3
Bc5+ 15. Kf1 Nd4 16. Rd3 Nf5 17. Ne4 Bd6 18. c4 Re8 19. Nxd6 Nxd6 20. Bxd6 Qxd6
21. g3 Re4 22. Re3 Rae8 23. Rae1 Qg6 24. Qd3 Rxe3 25. Rxe3 Qf6+ 26. Kg1 Qb6 27.
Kf2 Qxb2+ 28. Re2 Rxe2+ 29. Qxe2 Qxe2+ 30. Kxe2 b6 31. Kd3 Kf8 32. Kc3 Ke7 33.
Kb4 f5 34. c5 g5 35. Kc4 f4 36. cxb6 axb6 37. gxf4 gxf4 38. Kd4 Kd6 39. Ke4 f3
0-1

[Event "SR 3. liga A2 2006/2007"]
[Site "?"]
[Date "2006.10.08"]
[Round "1"]
[White "Kosar, Mikulas st"]
[Black "Brisudova, Veronika"]
[Result "0-1"]
[WhiteElo "1981"]
[BlackElo "1664"]
[Annotator "Holíc - Gabcíkovo  /8/"]
[PlyCount "116"]
[EventDate "2006.??.??"]

1. e4 e6 2. d4 d5 3. e5 c5 4. c3 Nc6 5. Nf3 Qb6 6. Qc2 cxd4 7. cxd4 Nxd4 8.
Qa4+ Nc6 9. Bd3 Qb4+ 10. Qxb4 Nxb4 11. Bb5+ Bd7 12. Bxd7+ Kxd7 13. Kd2 Rc8 14.
Ne1 Nc6 15. Nf3 Bb4+ 16. Ke2 Nge7 17. a3 Ba5 18. b4 Bc7 19. Bb2 Ng6 20. g3 Bxe5
21. Bxe5 Ncxe5 22. Nd4 a6 23. f4 Nc4 24. Rd1 h5 25. h4 Ne7 26. Nf3 Nf5 27. Kf2
Ke7 28. Ra2 Rc7 29. Re2 Rd8 30. Ng5 Rc6 31. Nf3 Nh6 32. Nd4 Rc7 33. Rde1 Kf8
34. Kf3 Re8 35. Kg2 Ng4 36. Kf3 Nd6 37. Nb3 Ne4 38. Nd4 Rc4 39. Nc2 Rec8 40.
Ne3 Nxe3 41. Rxe3 Rc2 42. R3e2 Rxe2 43. Rxe2 Rc1 44. Nd2 Nxd2+ 45. Rxd2 Rc3+
46. Kf2 Ke7 47. Re2 Rxa3 48. f5 Rb3 49. Rc2 Kd7 50. fxe6+ fxe6 51. Re2 Rxb4 52.
Re5 g6 53. Rg5 Rg4 54. Re5 b5 55. Re3 b4 56. Rb3 a5 57. Ke2 Rc4 58. Kd2 a4 0-1

[Event "SR 3. liga A2 2006/2007"]
[Site "?"]
[Date "2006.10.08"]
[Round "1"]
[White "Vach, Pavol"]
[Black "Vass, Frantisek"]
[Result "0-1"]
[WhiteElo "2117"]
[BlackElo "2352"]
[Annotator "Senica B - Galanta  /1/"]
[PlyCount "112"]
[EventDate "2006.??.??"]

1. d4 d5 2. c4 c6 3. Nc3 Nf6 4. Nf3 e6 5. Bg5 Nbd7 6. e3 Bb4 7. Bxf6 Nxf6 8.
Bd3 Qa5 9. Qc2 dxc4 10. Bxc4 b5 11. Bb3 c5 12. dxc5 Bb7 13. Nd2 O-O 14. O-O Qc7
15. h3 Qc6 16. f3 Bxc5 17. Rfe1 Rac8 18. Rac1 Qb6 19. Qd3 Rfd8 20. Qe2 Ba6 21.
Nd1 Nh5 22. Bc2 f5 23. Nb3 Bb4 24. Nc3 Bxc3 25. bxc3 Nf4 26. Qf2 Nd3 27. Bxd3
Rxd3 28. e4 Qxf2+ 29. Kxf2 Rdxc3 30. Rxc3 Rxc3 31. exf5 Rc2+ 32. Kg3 exf5 33.
Re8+ Kf7 34. Ra8 Rc7 35. Nd4 b4 36. Nxf5 Ke6 37. Ne3 Bd3 38. Rb8 a5 39. f4 Bb1
40. Rb6+ Kd7 41. Rb5 Bxa2 42. Rxa5 b3 43. Rb5 Kc6 44. Rb4 Rd7 45. Rb8 Kc5 46.
Kf3 Kd4 47. g4 Kc3 48. Rc8+ Kb2 49. Nc4+ Ka1 50. Rb8 Rd3+ 51. Ke4 Rxh3 52. Kd4
Rg3 53. g5 g6 54. Re8 b2 55. Nxb2 Kxb2 56. Re7 Rh3 0-1

[Event "SR 3. liga A2 2006/2007"]
[Site "?"]
[Date "2006.10.08"]
[Round "1"]
[White "Farkas, Gabor"]
[Black "Palka, Miroslav"]
[Result "1-0"]
[WhiteElo "2240"]
[BlackElo "2055"]
[Annotator "Senica B - Galanta  /2/"]
[PlyCount "55"]
[EventDate "2006.??.??"]

1. e4 c5 2. b4 cxb4 3. a3 Nf6 4. e5 Nd5 5. Nf3 e6 6. axb4 Bxb4 7. c3 Be7 8. d4
d6 9. exd6 Bxd6 10. Bd3 h6 11. O-O O-O 12. c4 Nf6 13. Nc3 Bd7 14. Bb2 Bc6 15.
d5 exd5 16. cxd5 Nxd5 17. Nxd5 Bxd5 18. Bb1 Bxf3 19. Qxf3 Qc7 $11 20. Qf5 f6
21. Qh7+ Kf7 22. Re1 Bxh2+ 23. Kh1 Be5 24. Ba2+ Ke8 25. Qg6+ Rf7 26. Bxe5 fxe5
27. Bxf7+ Qxf7 28. Rxe5+ 1-0

[Event "SR 3. liga A2 2006/2007"]
[Site "?"]
[Date "2006.10.08"]
[Round "1"]
[White "Sebesta, Radovan"]
[Black "Nagy, Tomas"]
[Result "1/2-1/2"]
[WhiteElo "2057"]
[BlackElo "2125"]
[Annotator "Senica B - Galanta  /3/"]
[PlyCount "93"]
[EventDate "2006.??.??"]

1. e4 c5 2. Nf3 e6 3. Nc3 Nc6 4. g3 a6 5. Bg2 Nf6 6. O-O d6 7. d4 cxd4 8. Nxd4
Bd7 9. Be3 Be7 10. Qd2 O-O 11. h3 Rc8 12. Nxc6 Bxc6 13. Rad1 Qc7 14. Rfe1 b5
15. a3 Nd7 16. Bf4 Ne5 17. Bxe5 dxe5 18. Qe2 Rfd8 19. Na2 a5 20. c3 g6 21. Nc1
$11 Be8 22. Rxd8 Rxd8 23. Rd1 Rxd1+ 24. Qxd1 b4 25. axb4 axb4 26. Qd3 Qa5 27.
Kh2 Qc5 28. Kg1 Bb5 29. Qd2 Qc4 30. Kh2 Kg7 31. h4 h6 32. Bf3 Qf1 33. Bg2 Qc4
34. Bf3 bxc3 35. bxc3 Ba3 36. Be2 Bxc1 37. Bxc4 Bxd2 38. Bxb5 Bxc3 39. Kg2 f5
40. Kf3 Kf6 41. g4 Bd4 42. exf5 exf5 43. gxf5 gxf5 44. Ke2 e4 45. f3 e3 46. h5
Kg5 47. Be8 $11 1/2-1/2